000
00334nam a2200121 a 4500
005
20140414131915.0
008
100915s19uu xx 00 eng d
050
_a
FIC
_b
D95 1998
100
_a
Dutta, Arup Kumar
245
_a
The Kaziranga boys in save the pool.
260
_a
New Delhi, India :
_b
Ratna Sagar,
_c
1998.
999
_c
111422
_d
111422